Central Library OPAC University of Rajshahi

সিংগের নাটক / (Record no. 41149)

MARC details
000 -LEADER
fixed length control field 00937nam a2200241 a 4500
001 - CONTROL NUMBER
control field 41149
003 - CONTROL NUMBER IDENTIFIER
rucl marc code BD-RjUL
005 - DATE AND TIME OF LATEST TRANSACTION
control field 20211209053334.0
008 - FIXED-LENGTH DATA ELEMENTS--GENERAL INFORMATION
fixed length control field 160516s1971 pk ||||| |||| 00| 0 ben d
020 ## - INTERNATIONAL STANDARD BOOK NUMBER
Terms of availability : PRs 7.00
035 ## - SYSTEM CONTROL NUMBER
System control number (BD-RjUL)41265
040 ## - CATALOGING SOURCE
Original cataloging agency BD-RjUL
Language of cataloging ben
Transcribing agency BD-RjUL
041 ## - LANGUAGE CODE
Language code of text/sound track or separate title ben
082 ## - DEWEY DECIMAL CLASSIFICATION NUMBER
Edition number 23
Classification number 820.81
Author mark and year MIS 1971
100 ## - MAIN ENTRY--PERSONAL NAME
Personal name মিলিংটন, জন
9 (RLIN) 126568
245 10 - TITLE STATEMENT
Title সিংগের নাটক /
Statement of responsibility, etc. জন মিলিংটন ; সিকানদার আবু জাফর অনূদিত
260 ## - PUBLICATION, DISTRIBUTION, ETC. (IMPRINT)
Place of publication, distribution, etc. ঢাকা :
Name of publisher, distributor, etc. বাংলা একাডেমী,
Date of publication, distribution, etc. ১৯৭১
300 ## - PHYSICAL DESCRIPTION
Pagination [৮], ২৯২ পৃ. ;
Size ২১ সেমি.
650 ## - SUBJECT ADDED ENTRY--TOPICAL TERM
Topical term or geographic name as entry element English
9 (RLIN) 126569
Form subdivision Drama
General subdivision translate in Bengali
Topical term or geographic name as entry element ইংরেজী নাটক
9 (RLIN) 126570
700 ## - ADDED ENTRY--PERSONAL NAME
Personal name জাফর, সিকানদার আবু, অনূবাদক
942 ## - ADDED ENTRY ELEMENTS (KOHA)
Source of classification or shelving scheme Dewey Decimal Classification
Koha item type Books
Holdings
Lost status Source of classification or shelving scheme Damaged status Not for loan Collection code Permanent Location Current Location Shelving location Date acquired Source of acquisition Cost, normal purchase price Total Checkouts Full call number Date last seen Copy number Koha item type Date checked out
  Dewey Decimal Classification     Non-fiction Central Library, University of Rajshahi Central Library, University of Rajshahi   13/01/1975 Bangla Academy, Dhaka 7.00   B 820.81 MIS 1971 16/05/2016 C-2 Books  
  Dewey Decimal Classification     Non-fiction Central Library, University of Rajshahi Central Library, University of Rajshahi   13/01/1975 Bangla Academy, Dhaka 7.00   B 820.81 MIS 1971 19/07/2016 C-3 Books  
  Dewey Decimal Classification     Non-fiction Central Library, University of Rajshahi Central Library, University of Rajshahi   13/01/1975 Bangla Academy, Dhaka 7.00 1 B 820.81 MIS 1971 31/05/2021 C-4 Books 04/04/2021
  Dewey Decimal Classification     Non-fiction Central Library, University of Rajshahi Central Library, University of Rajshahi   13/01/1975 Bangla Academy, Dhaka 7.00   B 820.81 MIS 1971 10/08/2016 C-5 Books  
  Dewey Decimal Classification     Non-fiction Central Library, University of Rajshahi Central Library, University of Rajshahi   13/01/1975 Bangla Academy, Dhaka 7.00   B 820.81 MIS 1971 10/08/2016 C-6 Books  
  Dewey Decimal Classification     Non-fiction Central Library, University of Rajshahi Central Library, University of Rajshahi   13/01/1975 Bangla Academy, Dhaka 7.00   B 820.81 MIS 1971 10/08/2016 C-7 Books  
  Dewey Decimal Classification     Non-fiction Central Library, University of Rajshahi Central Library, University of Rajshahi   13/01/1975 Bangla Academy, Dhaka 7.00   B 820.81 MIS 1971 10/08/2016 C-8 Books  
  Dewey Decimal Classification     Non-fiction Central Library, University of Rajshahi Central Library, University of Rajshahi   13/01/1975 Bangla Academy, Dhaka 7.00 1 B 820.81 MIS 1971 30/07/2019 C-9 Books 23/05/2019
  Dewey Decimal Classification   Not For Loan Non-fiction Central Library, University of Rajshahi Central Library, University of Rajshahi Reading Room 13/01/1975 Bangla Academy, Dhaka 7.00   B 820.81 MIS 1971 25/01/2017 C-1 Books